Sports Quiz

Random Sports or NCAA Quiz

NCAA FCS Nicknames Quiz Stats

 Plays Quiz Updated Aug 26, 2019

Support Sporcle.
Go Orange.
Score 0/124 Timer 14:00
2 Plays Today
School Nickname % Correct
GeorgetownHoyas
72.6%
ButlerBulldogs
71.3%
HarvardCrimson
68.1%
RichmondSpiders
67.8%
PrincetonTigers
66%
DaytonFlyers
65.7%
DelawareFightin' Blue Hens
63.2%
BrownBears
61.1%
VillanovaWildcats
61.1%
YaleBulldogs
59%
CornellBig Red
58.4%
PennsylvaniaQuakers
58%
DavidsonWildcats
53.1%
MaineBlack Bears
52.2%
Rhode IslandRams
52.2%
BucknellBison
52.2%
Indiana StateSycamores
52%
MontanaGrizzlies
51.3%
Youngstown StatePenguins
48.7%
DartmouthBig Green
48%
ColumbiaLions
47.6%
Florida A&MRattlers
46.5%
North DakotaFighting Hawks
46.1%
Southern IllinoisSalukis
45.3%
DrakeBulldogs
44.5%
Holy CrossCrusaders
44.3%
Murray StateRacers
43.5%
FordhamRams
43.2%
MercerBears
43.2%
AlbanyGreat Danes
42.6%
Eastern WashingtonEagles
40.8%
North Dakota StateBison
40.1%
Northern IowaPanthers
39.4%
The CitadelBulldogs
39.4%
DuquesneDukes
39.4%
Illinois StateRedbirds
39%
William & MaryTribe
38.4%
LibertyFlames
38%
ChattanoogaMocs
37.8%
HamptonPirates
37.4%
James MadisonDukes
37.3%
TowsonTigers
36.5%
School Nickname % Correct
Grambling StateTigers
36.4%
Abilene ChristianWildcats
36.4%
Missouri StateBears
36.3%
South Dakota StateJackrabbits
36.1%
JacksonvilleDolphins
35.1%
Delaware StateHornets
35.1%
FurmanPaladins
35%
Northern ArizonaLumberjacks
34.7%
Alabama StateHornets
34.7%
StetsonHatters
34.6%
SamfordBulldogs
34.1%
HowardBison
33.3%
ElonPhoenix
33.2%
Austin PeayGovernors
32.3%
Mississippi Valley StateDelta Devils
32.1%
New HampshireWildcats
31.6%
Cal PolyMustangs
31.2%
CampbellFighting Camels
31%
Morgan StateBears
30.1%
East Tennessee StateBuccaneers
30.1%
Central Connecticut StateBlue Devils
30%
Idaho StateBengals
29.7%
Weber StateWildcats
29.3%
Portland StateVikings
28.9%
Bethune-CookmanWildcats
28.8%
WoffordTerriers
28.5%
McNeese StateCowboys
28.4%
Montana StateBobcats
28.4%
Jackson StateTigers
28.1%
Alabama A&MBulldogs
27.8%
MaristRed Foxes
27.8%
Eastern IllinoisPanthers
27.7%
SouthernJaguars
27.3%
Eastern KentuckyColonels
27.3%
VMIKeydets
27.2%
Kennesaw StateOwls
27%
Jacksonville StateGamecocks
26.8%
Incarnate WordCardinals
26.7%
BryantBulldogs
26.7%
PresbyterianBlue Hose
26.5%
Morehead StateEagles
26.2%
LafayetteLeopards
26%
School Nickname % Correct
LehighMountain Hawks
25.5%
South Carolina StateBulldogs
25.5%
Sacramento StateHornets
24.8%
Stephen F. AustinLumberjacks
24.8%
Arkansas-Pine BluffGolden Lions
24.5%
San DiegoToreros
24.4%
ValparaisoCrusaders
24.2%
Tennessee StateTigers
24.2%
Western IllinoisLeathernecks
24.1%
Western CarolinaCatamounts
24.1%
Alcorn StateBraves
23.7%
Robert MorrisColonials
23.6%
Stony BrookSeawolves
23.6%
North Carolina A&TAggies
23.5%
ColgateRaiders
23.2%
Northern ColoradoBears
22.9%
Prairie View A&MPanthers
22.5%
UT MartinSkyhawks
22.4%
Houston BaptistHuskies
22.2%
Norfolk StateSpartans
22.2%
Central ArkansasBears
21.6%
Sam Houston StateBearkats
21.4%
Savannah StateTigers
20.3%
MonmouthHawks
19.8%
LamarCardinals
19.4%
Texas SouthernTigers
19.1%
Northwestern StateDemons
18.9%
Gardner-WebbRunnin' Bulldogs
18.3%
UC DavisAggies
18.2%
South DakotaCoyotes
18%
Charleston SouthernBuccaneers
17.6%
Southeastern LouisianaLions
17.2%
Southern UtahThunderbirds
17%
North Carolina CentralEagles
16.1%
WagnerSeahawks
16%
Saint FrancisRed Flash
14.6%
Nicholls StateColonels
14.3%
Sacred HeartPioneers
13%
Tennessee TechGolden Eagles
12.9%
Southeast MissouriRedhawks
12.4%

From the Vault

NBA Coach of the Year

by Ben

Sports 7m
Sometimes the best coaches don't win the championships, they just do the best job of keeping a bunch of huge, very strong men from killing each other.
Remove Ads.
Support Sporcle.
Get the best of Sporcle when you Go Orange. This ad-free experience offers more features, more stats, and more fun while also helping to support Sporcle. Thank you for becoming a member.

Show Comments

Extras

Top Quizzes Today


Score Distribution

Your Account Isn't Verified!

In order to create a playlist on Sporcle, you need to verify the email address you used during registration. Go to your Sporcle Settings to finish the process.

Report this User

Report this user for behavior that violates our Community Guidelines.

Details: